[Event "Buenos Aires op 3rd"]
[Site "Buenos Aires"]
[Date "2025.07.12"]
[Round "3"]
[White "Rioseco Pinochet, Fernando Luis"]
[Black "Lopez Almanzas, Dario Alex"]
[Result "1/2-1/2"]
[WhiteElo "2085"]
[BlackElo "1922"]
[PlyCount "94"]
[EventDate "2025.07.11"]
[EventType "swiss"]
[EventRounds "9"]
[EventCountry "ARG"]
[SourceTitle "CB30_2025"]
[SourceDate "2025.07.23"]
[SourceVersion "1"]
[SourceVersionDate "2025.07.23"]
[SourceQuality "1"]

1. e4 c5 2. Nf3 d6 3. d4 cxd4 4. Nxd4 Nf6 5. f3 g6 6. c4 Bg7 7. Nc3 0-0 8. Be3 Nc6 9. Qd2 Nxd4 10. Bxd4 Be6 11. Nd5 Nd7 12. Be2 Re8 13. Bxg7 Kxg7 14. 0-0 Bxd5 15. exd5 Qb6+ 16. Kh1 Rac8 17. f4 Nf6 18. f5 e5 19. dxe6 fxe6 20. fxg6 hxg6 21. Qf4 Rf8 22. Bd3 Qc5 23. Qg3 Qh5 24. Qxd6 Rce8 25. Rf3 Ng4 26. Raf1 Rxf3 27. gxf3 Ne5 28. Be4 Rh8 29. Rf2 Nf7 30. Qxe6 Ng5 31. Qe5+ Kh7 32. Rg2 Nxe4 33. Qxe4 Rf8 34. Qxb7+ Kh6 35. Rg3 Rf4 36. Qc8 Kg7 37. Qd7+ Rf7 38. Qd4+ Kf8 39. Kg2 Qf5 40. Qe4 Qa5 41. Qxg6 Qd2+ 42. Kh3 Qd7+ 43. Qg4 Rh7+ 44. Kg2 Qd2+ 45. Kf1 Qd1+ 46. Kf2 Qd2+ 47. Kf1 Qd1+ 1/2-1/2

[Event "Titled Tuesday intern op 24th Sep Early"]
[Site "Chess.com INT"]
[Date "2024.09.24"]
[Round "9"]
[White "Rioseco Pinochet, Fernando Luis"]
[Black "Gabdushev, Ruslan"]
[Result "1/2-1/2"]
[WhiteElo "2129"]
[BlackElo "2256"]
[PlyCount "146"]
[EventDate "2024.09.24"]
[EventType "swiss (blitz)"]
[EventRounds "11"]
[EventCountry "USA"]
[SourceTitle "EXT 2025"]
[Source "ChessBase"]
[SourceDate "2024.10.14"]
[SourceVersion "1"]
[SourceVersionDate "2024.10.14"]
[SourceQuality "1"]

1. e4 c5 2. Nf3 d6 3. d4 cxd4 4. Nxd4 Nf6 5. f3 Nc6 6. c4 e5 7. Nc2 Be7 8. Nc3 0-0 9. Be3 Be6 10. Rc1 Rc8 11. Qd2 Nd7 12. Be2 f5 13. exf5 Bxf5 14. 0-0 Nc5 15. Nd5 Ne6 16. b4 Bxc2 17. Rxc2 Ncd4 18. Rb2 Nxe2+ 19. Qxe2 Bg5 20. Bxa7 Rf7 21. Bb6 Qd7 22. Rd1 Qc6 23. b5 Qxc4 24. Qxc4 Rxc4 25. Ne3 Bxe3+ 26. Bxe3 Rd7 27. Rbd2 Rb4 28. Rxd6 Rxd6 29. Rxd6 Nf4 30. Bxf4 exf4 31. Rb6 Rb1+ 32. Kf2 Rb2+ 33. Kf1 Rxa2 34. Rxb7 Ra1+ 35. Ke2 Ra2+ 36. Kd3 Rxg2 37. h4 h6 38. Ke4 Rh2 39. b6 Kh7 40. Rb8 Kg6 41. b7 Rb2 42. Kxf4 Rb4+ 43. Kg3 Rb3 44. Kg4 Rb4+ 45. f4 h5+ 46. Kf3 Rb3+ 47. Ke4 Rb4+ 48. Kd5 Rb1 49. f5+ Kh7 50. Ke6 Rb6+ 51. Ke7 Rb1 52. Kf7 Rb5 53. Ke6 Rb1 54. Kd7 Rb2 55. Ke7 Re2+ 56. Kf7 Rb2 57. f6 gxf6 58. Kxf6 Rb5 59. Kf7 Rf5+ 60. Ke6 Rb5 61. Kf6 Rb6+ 62. Kg5 Rb5+ 63. Kf4 Rb4+ 64. Kg5 Rb5+ 65. Kf6 Rb6+ 66. Ke5 Rb5+ 67. Kd6 Rb1 68. Kc6 Rc1+ 69. Kd6 Rd1+ 70. Ke5 Rb1 71. Kf5 Rb2 72. Kf4 Rb1 73. Kg5 Rb5+ 1/2-1/2

[Event "Titled Tuesday intern op 17th Sep Early"]
[Site "Chess,com INT"]
[Date "2024.09.17"]
[Round "1"]
[White "Domingo Nunez, Ruben"]
[Black "Rioseco Pinochet, Fernando Luis"]
[Result "1-0"]
[WhiteElo "2390"]
[BlackElo "2129"]
[PlyCount "81"]
[EventDate "2024.09.17"]
[EventType "swiss (blitz)"]
[EventRounds "11"]
[EventCountry "USA"]
[SourceTitle "EXT 2025"]
[Source "ChessBase"]
[SourceDate "2024.10.14"]
[SourceVersion "1"]
[SourceVersionDate "2024.10.14"]
[SourceQuality "1"]

1. c4 Nf6 2. g3 d6 3. Bg2 g6 4. b3 Bg7 5. Bb2 a5 6. Nc3 0-0 7. d4 Nc6 8. Nf3 e5 9. 0-0 Re8 10. d5 Ne7 11. Nd2 Nd7 12. a3 f5 13. b4 e4 14. Qc2 Ne5 15. Nb5 Bd7 16. Nd4 Kh8 17. Rfd1 Ng8 18. c5 Nf6 19. c6 bxc6 20. dxc6 Bc8 21. b5 e3 22. fxe3 Neg4 23. Nf1 Nxe3 24. Nxe3 Rxe3 25. b6 Ba6 26. b7 Rb8 27. Bc1 Qe7 28. Rb1 Ng4 29. Re1 Bd3 30. Qb3 Bxd4 31. Bb2 Qe5 32. Bxd4 Qxd4 33. Kh1 Bxb1 34. Qxb1 Nf2+ 35. Kg1 Re5 36. e3 Rxe3 37. Rxe3 Qxe3 38. Qb2+ Kg8 39. Bd5+ Kf8 40. Qf6+ Ke8 41. Qf7+ 1-0

[Event "Titled Tuesday intern op 17th Sep Early"]
[Site "Chess,com INT"]
[Date "2024.09.17"]
[Round "5"]
[White "Rioseco Pinochet, Fernando Luis"]
[Black "Karas, Marek"]
[Result "1-0"]
[WhiteElo "2129"]
[BlackElo "2161"]
[PlyCount "49"]
[EventDate "2024.09.17"]
[EventType "swiss (blitz)"]
[EventRounds "11"]
[EventCountry "USA"]
[SourceTitle "EXT 2025"]
[Source "ChessBase"]
[SourceDate "2024.10.14"]
[SourceVersion "1"]
[SourceVersionDate "2024.10.14"]
[SourceQuality "1"]

1. e4 c5 2. Nf3 Nc6 3. d4 cxd4 4. c3 dxc3 5. Nxc3 e6 6. Bc4 a6 7. 0-0 b5 8. Bb3 Na5 9. Bc2 Bb7 10. Qe2 Ne7 11. Rd1 Ng6 12. a4 b4 13. Nd5 exd5 14. exd5+ Qe7 15. Qf1 Qc5 16. Bxg6 hxg6 17. Be3 Qc4 18. Qe1 Qe4 19. Rd4 Qe7 20. d6 Qe6 21. Ng5 Qe5 22. Bf4 Qxe1+ 23. Rxe1+ Kd8 24. Nxf7+ Kc8 25. Re8# 1-0

[Event "Titled Tuesday intern op 17th Sep Early"]
[Site "Chess,com INT"]
[Date "2024.09.17"]
[Round "8"]
[White "Vaglio Mattey, Emanuel"]
[Black "Rioseco Pinochet, Fernando Luis"]
[Result "1-0"]
[WhiteElo "2142"]
[BlackElo "2129"]
[PlyCount "77"]
[EventDate "2024.09.17"]
[EventType "swiss (blitz)"]
[EventRounds "11"]
[EventCountry "USA"]
[SourceTitle "EXT 2025"]
[Source "ChessBase"]
[SourceDate "2024.10.14"]
[SourceVersion "1"]
[SourceVersionDate "2024.10.14"]
[SourceQuality "1"]

1. d4 Nf6 2. c4 c5 3. d5 e5 4. Nc3 d6 5. e4 Be7 6. Bd3 Nbd7 7. Nge2 h5 8. f3 h4 9. Be3 Nh5 10. Qd2 a6 11. a3 b5 12. cxb5 axb5 13. Bxb5 Ba6 14. 0-0 0-0 15. a4 Nb6 16. Qd3 Bxb5 17. axb5 Rxa1 18. Rxa1 Bg5 19. Bf2 Nf4 20. Nxf4 exf4 21. Ra6 h3 22. gxh3 Bf6 23. Ne2 Be5 24. b3 Nd7 25. Kf1 Qg5 26. b6 Qh5 27. Ng1 Rb8 28. Qb5 Nf6 29. b7 Bd4 30. Ra8 Kh7 31. Rxb8 Bxf2 32. Rh8+ Kxh8 33. b8Q+ Kh7 34. Kxf2 Qe5 35. Ne2 Nxe4+ 36. fxe4 Qxe4 37. Q8e8 Qh1 38. Qd3+ Kh6 39. Qh8+ 1-0

[Event "Titled Tuesday intern op 10th Sep Late"]
[Site "Chess,com INT"]
[Date "2024.09.10"]
[Round "2"]
[White "Rioseco Pinochet, Fernando Luis"]
[Black "Zhou, Abigail"]
[Result "0-1"]
[WhiteElo "2129"]
[BlackElo "1845"]
[PlyCount "82"]
[EventDate "2024.09.10"]
[EventType "swiss (blitz)"]
[EventRounds "11"]
[EventCountry "USA"]
[SourceTitle "EXT 2025"]
[Source "ChessBase"]
[SourceDate "2024.10.14"]
[SourceVersion "1"]
[SourceVersionDate "2024.10.14"]
[SourceQuality "1"]

1. e4 e6 2. d4 d5 3. Nc3 Nf6 4. Bg5 Be7 5. e5 Nfd7 6. h4 0-0 7. Qg4 Kh8 8. Nf3 f6 9. exf6 Nxf6 10. Qg3 c5 11. 0-0-0 Bd6 12. Ne5 cxd4 13. Rxd4 Nc6 14. Nxc6 bxc6 15. Qe3 c5 16. Rd1 d4 17. Qf3 Bd7 18. Ne4 Nxe4 19. Bxd8 Rxf3 20. gxf3 Nxf2 21. Bg5 Nxh1 22. Bg2 Ng3 23. f4 Rb8 24. b3 Ne2+ 25. Kd2 Nxf4 26. Be4 h6 27. Bxf4 Bxf4+ 28. Kd3 Bb5+ 29. c4 dxc3+ 30. Kxc3 Be5+ 31. Kc2 Bd4 32. a4 Ba6 33. Bc6 e5 34. Bd5 Kh7 35. h5 Rd8 36. Be4+ Kg8 37. Rd2 Kf7 38. Rg2 Rd7 39. Bg6+ Ke6 40. Bf5+ Kxf5 41. Rf2+ Bxf2 0-1

[Event "Titled Tuesday intern op 13th Aug Late"]
[Site "Chess.com INT"]
[Date "2024.08.13"]
[Round "1"]
[White "Principe, Gerson"]
[Black "Rioseco Pinochet, Fernando Luis"]
[Result "1-0"]
[WhiteElo "2144"]
[BlackElo "2147"]
[PlyCount "139"]
[EventDate "2024.08.13"]
[EventType "swiss (blitz)"]
[EventRounds "11"]
[EventCountry "USA"]
[SourceTitle "EXT 2025"]
[Source "ChessBase"]
[SourceDate "2024.10.14"]
[SourceVersion "1"]
[SourceVersionDate "2024.10.14"]
[SourceQuality "1"]

1. d4 Nf6 2. Nf3 c5 3. e3 d5 4. Be2 Nc6 5. 0-0 Bg4 6. c3 e6 7. Nbd2 Bd6 8. h3 Bh5 9. dxc5 Bxc5 10. b4 Bd6 11. Bb2 0-0 12. a3 Rc8 13. Rc1 a5 14. b5 Ne7 15. c4 Nd7 16. cxd5 Rxc1 17. Qxc1 Nxd5 18. Nc4 Be7 19. Rd1 Qc7 20. Qd2 Rc8 21. Rc1 Nc5 22. Be5 Qd8 23. Qxa5 b6 24. Qe1 Nb3 25. Rb1 Nc5 26. Ba1 Bg6 27. Rd1 Bf6 28. Nfe5 Bc2 29. Rc1 Ba4 30. Nc6 Qd7 31. Bxf6 gxf6 32. Nb2 Bb3 33. Qd2 Qc7 34. Bc4 Ne4 35. Qd3 Bxc4 36. Rxc4 f5 37. Rc1 Ra8 38. Nc4 f6 39. Qc2 Qg7 40. a4 Kh8 41. f3 Nc5 42. a5 Rg8 43. axb6 Nd3 44. Rf1 N5b4 45. Qd2 e5 46. Nd6 e4 47. Nxf5 Qg5 48. fxe4 Ne5 49. Nxe5 fxe5 50. b7 Nd3 51. b8Q Rxb8 52. Qxd3 Rg8 53. Qe2 h6 54. Qf3 Kh7 55. Rf2 Rg6 56. g4 h5 57. Rg2 h4 58. Rf2 Rb6 59. Kg2 Rxb5 60. Nd6 Rb6 61. Qf5+ Qxf5 62. Nxf5 Rb3 63. Kf3 Kg6 64. Nxh4+ Kg5 65. Nf5 Kg6 66. h4 Rb1 67. Rd2 Rg1 68. Rg2 Kf7 69. Rxg1 Kf6 70. Rc1 1-0

[Event "Titled Tuesday intern op 06th Aug Early"]
[Site "Chess.com INT"]
[Date "2024.08.06"]
[Round "1"]
[White "Rioseco Pinochet, Fernando Luis"]
[Black "Szabo, Marton Mihaly"]
[Result "0-1"]
[WhiteElo "2147"]
[BlackElo "2284"]
[PlyCount "46"]
[EventDate "2024.08.06"]
[EventType "swiss (blitz)"]
[EventRounds "11"]
[EventCountry "USA"]
[SourceTitle "EXT 2025"]
[Source "ChessBase"]
[SourceDate "2024.10.14"]
[SourceVersion "1"]
[SourceVersionDate "2024.10.14"]
[SourceQuality "1"]

1. e4 c5 2. Nf3 a6 3. c4 Nc6 4. Nc3 e5 5. Rb1 g6 6. a3 a5 7. g3 Bg7 8. Bg2 d6 9. 0-0 Nge7 10. Nd5 0-0 11. d3 h6 12. Be3 Be6 13. Qd2 Kh7 14. Nh4 Nd4 15. f4 f5 16. fxe5 dxe5 17. exf5 Nexf5 18. Nxf5 Bxf5 19. Bxd4 exd4 20. b4 axb4 21. axb4 Ra3 22. bxc5 Rxd3 23. Rxb7 Rxd2 0-1

[Event "Titled Tuesday intern op 16th Jul Late"]
[Site "Chess.com INT"]
[Date "2024.07.16"]
[Round "3"]
[White "Jiang, Brandon"]
[Black "Rioseco Pinochet, Fernando Luis"]
[Result "0-1"]
[WhiteElo "1971"]
[BlackElo "2147"]
[PlyCount "48"]
[EventDate "2024.07.16"]
[EventType "swiss (blitz)"]
[EventRounds "11"]
[EventCountry "USA"]
[SourceTitle "EXT 2025"]
[Source "ChessBase"]
[SourceDate "2024.10.14"]
[SourceVersion "1"]
[SourceVersionDate "2024.10.14"]
[SourceQuality "1"]

1. e4 e6 2. d4 a6 3. Nc3 b5 4. Bd3 Bb7 5. Nf3 c5 6. dxc5 Bxc5 7. 0-0 Nc6 8. a4 b4 9. Ne2 Qb6 10. Ng3 Nge7 11. Qe2 h5 12. h4 Nd4 13. Nxd4 Bxd4 14. a5 Qc7 15. Ra4 Bc5 16. Nxh5 Ng6 17. Qg4 0-0-0 18. Be3 Bxe3 19. fxe3 Ne5 20. Qe2 g6 21. Nf4 Rxh4 22. Bxa6 Rdh8 23. Rxb4 Ng4 24. Nh3 Qh2# 0-1

[Event "Titled Tuesday intern op 16th Jul Late"]
[Site "Chess.com INT"]
[Date "2024.07.16"]
[Round "4"]
[White "Rioseco Pinochet, Fernando Luis"]
[Black "Dilmukhametov, Artur"]
[Result "0-1"]
[WhiteElo "2147"]
[BlackElo "2276"]
[PlyCount "110"]
[EventDate "2024.07.16"]
[EventType "swiss (blitz)"]
[EventRounds "11"]
[EventCountry "USA"]
[SourceTitle "EXT 2025"]
[Source "ChessBase"]
[SourceDate "2024.10.14"]
[SourceVersion "1"]
[SourceVersionDate "2024.10.14"]
[SourceQuality "1"]

1. e4 e6 2. d4 d5 3. Nc3 Bb4 4. Nge2 Nf6 5. e5 Nfd7 6. a3 Be7 7. Be3 c5 8. f4 Nc6 9. Qd2 f6 10. 0-0-0 cxd4 11. Nxd4 Nxd4 12. Bxd4 fxe5 13. fxe5 0-0 14. Kb1 Bc5 15. Be2 Bxd4 16. Qxd4 Qb6 17. Nb5 Qxd4 18. Rxd4 Nxe5 19. Re1 Nc6 20. Rh4 Bd7 21. Bg4 Rae8 22. Nc7 Re7 23. Nxd5 exd5 24. Rxe7 Nxe7 25. Bxd7 Rf2 26. Be6+ Kh8 27. Rb4 b6 28. Ra4 a5 29. Bh3 Kg8 30. b4 Rf4 31. g3 Rd4 32. c3 Rc4 33. Kb2 Kf7 34. Bf1 Re4 35. Bd3 Re3 36. Kc2 Nc6 37. bxa5 Nxa5 38. Rf4+ Ke6 39. Kd2 Re5 40. Rb4 Rh5 41. Rxb6+ Ke7 42. h4 g5 43. Be2 gxh4 44. gxh4 Rxh4 45. Rb5 Nc4+ 46. Bxc4 dxc4 47. a4 Kd6 48. a5 Kc6 49. Rb6+ Kc5 50. Rb8 Rh2+ 51. Ke3 Ra2 52. Rc8+ Kd5 53. Rd8+ Kc5 54. Rc8+ Kb5 55. Rh8 Rc2 0-1

[Event "Titled Tuesday intern op 16th Jul Late"]
[Site "Chess.com INT"]
[Date "2024.07.16"]
[Round "1"]
[White "Svane, Frederik"]
[Black "Rioseco Pinochet, Fernando Luis"]
[Result "1-0"]
[WhiteElo "2636"]
[BlackElo "2147"]
[PlyCount "89"]
[EventDate "2024.07.16"]
[EventType "swiss (blitz)"]
[EventRounds "11"]
[EventCountry "USA"]
[SourceTitle "EXT 2025"]
[Source "ChessBase"]
[SourceDate "2024.10.14"]
[SourceVersion "1"]
[SourceVersionDate "2024.10.14"]
[SourceQuality "1"]

1. e4 e6 2. d4 a6 3. Nf3 b5 4. c3 Bb7 5. Bd3 c5 6. 0-0 Nf6 7. Re1 Qb6 8. e5 Nd5 9. Nbd2 cxd4 10. cxd4 Nc6 11. Nb3 a5 12. Be3 a4 13. Nbd2 a3 14. bxa3 Bxa3 15. Ne4 Ncb4 16. Nd6+ Kf8 17. Bf1 Bc6 18. Ng5 Nxe3 19. Rxe3 Nd5 20. Rf3 Bxd6 21. Nxf7 Be7 22. Nxh8+ Kg8 23. Nf7 b4 24. Bd3 g6 25. Nh6+ Kg7 26. Qd2 Rf8 27. Rxf8 Bxf8 28. Bf1 Be7 29. Ng4 g5 30. h4 h6 31. Rd1 Nc3 32. Re1 Ba8 33. Nf6 Bxf6 34. exf6+ Kxf6 35. hxg5+ hxg5 36. Re5 Ne4 37. Qe3 Qc6 38. f3 Qc3 39. Rxe4 Bxe4 40. Qxe4 d6 41. Kh2 b3 42. axb3 Qxb3 43. Bd3 Qd5 44. Qxd5 Ke7 45. Qxg5+ 1-0

[Event "Titled Tuesday intern op 16th Jul Late"]
[Site "Chess.com INT"]
[Date "2024.07.16"]
[Round "6"]
[White "Zarnicki, Pablo Adrian"]
[Black "Rioseco Pinochet, Fernando Luis"]
[Result "1-0"]
[WhiteElo "2514"]
[BlackElo "2147"]
[PlyCount "51"]
[EventDate "2024.07.16"]
[EventType "swiss (blitz)"]
[EventRounds "11"]
[EventCountry "USA"]
[SourceTitle "EXT 2025"]
[Source "ChessBase"]
[SourceDate "2024.10.14"]
[SourceVersion "1"]
[SourceVersionDate "2024.10.14"]
[SourceQuality "1"]

1. e4 e6 2. d3 d5 3. Qe2 Nf6 4. Nf3 Be7 5. g3 Nc6 6. Bg2 dxe4 7. dxe4 Nd4 8. Nxd4 Qxd4 9. c3 Qb6 10. e5 Nd5 11. 0-0 Qa6 12. Qxa6 bxa6 13. c4 Nb4 14. Bxa8 Kd7 15. Be4 Bd6 16. exd6 cxd6 17. Nc3 d5 18. cxd5 exd5 19. Nxd5 Kd6 20. Nxb4 Kc5 21. a3 Kb5 22. Be3 Ka4 23. Rfc1 a5 24. Bc6+ Kb3 25. Bd5+ Kxb2 26. Ra2# 1-0

[Event "Titled Tuesday intern op 09th Jul Late"]
[Site "Chess.com INT"]
[Date "2024.07.09"]
[Round "3"]
[White "Seo, Jung Min"]
[Black "Rioseco Pinochet, Fernando Luis"]
[Result "1-0"]
[WhiteElo "2469"]
[BlackElo "2147"]
[PlyCount "131"]
[EventDate "2024.07.09"]
[EventType "swiss (blitz)"]
[EventRounds "11"]
[EventCountry "USA"]
[SourceTitle "EXT 2025"]
[Source "ChessBase"]
[SourceDate "2024.10.14"]
[SourceVersion "1"]
[SourceVersionDate "2024.10.14"]
[SourceQuality "1"]

1. e4 e6 2. d4 a6 3. c4 d5 4. Nc3 Bb4 5. cxd5 exd5 6. e5 c5 7. a3 Bxc3+ 8. bxc3 Nc6 9. Nf3 Nge7 10. Be2 0-0 11. 0-0 Bg4 12. a4 Bxf3 13. Bxf3 cxd4 14. cxd4 Qb6 15. Be3 a5 16. Rb1 Nb4 17. Bg4 f5 18. exf6 Qxf6 19. Qb3 Nf5 20. Bxf5 Qxf5 21. Bd2 Nc2 22. Bc3 Rf7 23. Rbc1 Nb4 24. Bxb4 axb4 25. Qxb4 h5 26. Rc5 h4 27. h3 Ra6 28. Qb3 Rd7 29. Rb5 Rg6 30. Rxb7 Rxb7 31. Qxb7 Kh7 32. Qb3 Qe4 33. f3 Qxd4+ 34. Kh1 Qd2 35. Rg1 Re6 36. Qb1+ g6 37. Rd1 Qf2 38. a5 Re2 39. Rg1 Ra2 40. Qb7+ Kh6 41. Qxd5 Re2 42. Qc4 Re1 43. Qf4+ g5 44. Qd6+ Kh5 45. Rxe1 Qxe1+ 46. Kh2 Qxa5 47. f4 Qf5 48. fxg5 Qxg5 49. Qc7 Qf5 50. Kg1 Qb1+ 51. Kh2 Qf5 52. Qd6 Kg5 53. Qe7+ Kh5 54. Qe2+ Kg6 55. Qe3 Kh5 56. Kg1 Qb1+ 57. Kf2 Qc2+ 58. Kf3 Qf5+ 59. Qf4 Qd5+ 60. Kf2 Qd3 61. Qf3+ Qxf3+ 62. Kxf3 Kg5 63. Ke4 Kf6 64. Kf4 Kg6 65. Kg4 Kh6 66. Kxh4 1-0

[Event "Titled Tuesday intern op 25th Jun Late"]
[Site "Chess.com INT"]
[Date "2024.06.25"]
[Round "8"]
[White "Rioseco Pinochet, Fernando Luis"]
[Black "Jorajuria Mendoza, Algol"]
[Result "0-1"]
[WhiteElo "2139"]
[BlackElo "2082"]
[PlyCount "140"]
[EventDate "2024.06.25"]
[EventType "swiss (blitz)"]
[EventRounds "11"]
[EventCountry "USA"]
[SourceTitle "EXT 2025"]
[Source "ChessBase"]
[SourceDate "2024.10.14"]
[SourceVersion "1"]
[SourceVersionDate "2024.10.14"]
[SourceQuality "1"]

1. e4 c5 2. Nf3 Nc6 3. d4 cxd4 4. c3 Nf6 5. e5 Nd5 6. Bc4 Nb6 7. Bb3 d5 8. exd6 Qxd6 9. 0-0 Be6 10. Bxe6 Qxe6 11. Re1 Qd7 12. cxd4 e6 13. Nc3 Be7 14. a4 0-0 15. a5 Nd5 16. a6 Rfd8 17. Nb5 bxa6 18. Rxa6 Qb7 19. Qa4 Ndb4 20. Rxc6 Qxc6 21. Ne5 Qe8 22. Qa5 Rd5 23. Nc7 Rxa5 24. Nxe8 Rxe8 25. Bd2 Rd5 26. Bc3 f6 27. Nc4 Kf7 28. Ne3 Rb5 29. Ra1 Rb7 30. f4 Nd5 31. Nc4 Rc8 32. Na5 Rd7 33. Bd2 Bb4 34. Bxb4 Nxb4 35. b3 Rxd4 36. Nc4 Rc7 37. g3 h5 38. Ra4 Rd1+ 39. Kg2 Nc6 40. Ra6 Rd3 41. Ra3 Nd4 42. Nd6+ Kg6 43. Ne8 Rxb3 44. Rxb3 Nxb3 45. Nxc7 a5 46. Kf3 Kf5 47. Ke3 g5 48. fxg5 fxg5 49. Nb5 Kg4 50. Kf2 Kh3 51. Kg1 a4 52. Na3 Nd2 53. Nc2 Nf3+ 54. Kf2 Nxh2 55. Nd4 Ng4+ 56. Kf3 Ne5+ 57. Ke3 Kxg3 58. Nxe6 g4 59. Ke4 Nf3 60. Ng7 a3 61. Nxh5+ Kf2 62. Nf4 a2 63. Nd3+ Kf1 64. Kf4 a1Q 65. Kxg4 Ne5+ 66. Nxe5 Qxe5 67. Kf3 Qd4 68. Kg3 Ke2 69. Kh3 Kf2 70. Kh2 Qh4# 0-1

[Event "Buenos Aires Masters op"]
[Site "Buenos Aires"]
[Date "2024.06.20"]
[Round "5"]
[White "Rioseco Pinochet, Fernando Luis"]
[Black "Kulik, Nicolas"]
[Result "1/2-1/2"]
[WhiteElo "2139"]
[BlackElo "2000"]
[PlyCount "131"]
[EventDate "2024.06.17"]
[EventType "swiss"]
[EventRounds "9"]
[EventCountry "ARG"]
[SourceTitle "CBM 220 Extra"]
[Source "ChessBase"]
[SourceDate "2024.07.31"]
[SourceVersion "1"]
[SourceVersionDate "2024.07.31"]
[SourceQuality "1"]

1. e4 c5 2. Nf3 Nc6 3. d4 cxd4 4. c3 dxc3 5. Nxc3 e6 6. Bc4 Bb4 7. 0-0 Nge7 8. Qe2 0-0 9. Rd1 Ng6 10. Be3 d6 11. a3 Bxc3 12. bxc3 Qc7 13. Ba2 b6 14. Nd4 Nxd4 15. cxd4 Qe7 16. Rac1 Bb7 17. d5 e5 18. g3 Rfc8 19. h4 h6 20. Qg4 Kh8 21. Bc4 Rc7 22. Be2 Rac8 23. Qh5 Rxc1 24. Bxc1 Rc2 25. Bg4 Bc8 26. Bf5 Bxf5 27. exf5 Qf6 28. Be3 Ne7 29. g4 Ng6 30. Bg5 Nf4 31. Bxf6 Nxh5 32. Bxe5 dxe5 33. gxh5 Kg8 34. d6 Rc8 35. Kg2 f6 36. Kf3 Kf7 37. Rd3 a6 38. Ke3 a5 39. a4 Rd8 40. Ke4 Rc8 41. Rd5 Rd8 42. Kd3 Ke8 43. Kc4 Kd7 44. Kb5 Rb8 45. Rd3 e4 46. Rd4 Re8 47. Rd5 e3 48. fxe3 Re4 49. Rd4 Rxe3 50. Rg4 Re5+ 51. Kxb6 Rxf5 52. Rxg7+ Kxd6 53. Rg6 Rxh5 54. Rxf6+ Ke5 55. Rc6 Kd4 56. Ka6 Ke4 57. Rb6 Rxh4 58. Kxa5 Rh1 59. Ka6 h5 60. a5 h4 61. Rh6 h3 62. Ka7 h2 63. a6 Kd5 64. Ka8 Kc4 65. a7 Kc5 66. Rh5+ 1/2-1/2

[Event "Titled Tuesday intern op 18th Jun Late"]
[Site "Chess.com INT"]
[Date "2024.06.18"]
[Round "5"]
[White "Blanco Ronquillo, Humberto L"]
[Black "Rioseco Pinochet, Fernando Luis"]
[Result "1-0"]
[WhiteElo "2442"]
[BlackElo "2139"]
[PlyCount "59"]
[EventDate "2024.06.18"]
[EventType "swiss (blitz)"]
[EventRounds "11"]
[EventCountry "USA"]
[SourceTitle "EXT 2025"]
[Source "ChessBase"]
[SourceDate "2024.10.14"]
[SourceVersion "1"]
[SourceVersionDate "2024.10.14"]
[SourceQuality "1"]

1. e4 e6 2. d4 a6 3. Bd3 b5 4. Nf3 Bb7 5. 0-0 c5 6. c3 Nf6 7. Re1 Qb6 8. Bf4 Nc6 9. Bf1 d5 10. e5 Ne4 11. Nbd2 Be7 12. Nxe4 dxe4 13. Nd2 cxd4 14. Nxe4 0-0 15. Qg4 Kh8 16. Bd3 f5 17. exf6 Bxf6 18. Nxf6 Rxf6 19. Rxe6 Rxe6 20. Qxe6 Qc5 21. Re1 Rf8 22. Bd6 Bc8 23. Bxc5 Bxe6 24. Bxf8 dxc3 25. bxc3 Bxa2 26. Re8 Kg8 27. Rc8 Ne5 28. Bd6+ Kf7 29. Bxe5 Ke6 30. Bxg7 1-0

[Event "Titled Tuesday intern op 18th Jun Late"]
[Site "Chess.com INT"]
[Date "2024.06.18"]
[Round "6"]
[White "Rioseco Pinochet, Fernando Luis"]
[Black "Poddubnyi, Viktor"]
[Result "1-0"]
[WhiteElo "2139"]
[BlackElo "2304"]
[PlyCount "63"]
[EventDate "2024.06.18"]
[EventType "swiss (blitz)"]
[EventRounds "11"]
[EventCountry "USA"]
[SourceTitle "EXT 2025"]
[Source "ChessBase"]
[SourceDate "2024.10.14"]
[SourceVersion "1"]
[SourceVersionDate "2024.10.14"]
[SourceQuality "1"]

1. e4 g6 2. d4 Bg7 3. Nc3 d6 4. Be3 a6 5. Qd2 b5 6. h4 h5 7. f3 Bb7 8. Nh3 Nd7 9. Ng5 e6 10. 0-0-0 Ngf6 11. Kb1 Qe7 12. a3 0-0 13. g4 Nb6 14. e5 dxe5 15. dxe5 Nxg4 16. fxg4 Bxh1 17. gxh5 Bxe5 18. Bd3 Bb7 19. Rg1 Nc4 20. Bxc4 bxc4 21. hxg6 fxg6 22. Qe2 Bxc3 23. Qxc4 Bf6 24. Nxe6 Kh7 25. Bc5 Qf7 26. Bxf8 Rxf8 27. Nxf8+ Qxf8 28. Qxc7+ Qg7 29. Qb6 Be4 30. h5 Bd4 31. hxg6+ Bxg6 32. Rh1+ 1-0

[Event "Titled Tuesday intern op 11th Jun Early"]
[Site "Chess.com INT"]
[Date "2024.06.11"]
[Round "1"]
[White "Boruchovsky, Avital"]
[Black "Rioseco Pinochet, Fernando Luis"]
[Result "1-0"]
[WhiteElo "2537"]
[BlackElo "2139"]
[PlyCount "63"]
[EventDate "2024.06.11"]
[EventType "swiss (blitz)"]
[EventRounds "11"]
[EventCountry "USA"]
[SourceTitle "EXT 2025"]
[Source "ChessBase"]
[SourceDate "2024.10.14"]
[SourceVersion "1"]
[SourceVersionDate "2024.10.14"]
[SourceQuality "1"]

1. c4 e5 2. Nc3 Nf6 3. Nf3 Nc6 4. e3 Bb4 5. Qc2 0-0 6. Nd5 Re8 7. Ng5 g6 8. h4 Bf8 9. Be2 Nxd5 10. cxd5 Nb4 11. Qb3 c6 12. dxc6 d5 13. cxb7 Bxb7 14. a3 h6 15. Nf3 a5 16. axb4 axb4 17. Rxa8 Qxa8 18. d4 e4 19. Ne5 Bd6 20. 0-0 Kg7 21. Bd2 f6 22. Nd7 Qd8 23. Nc5 Bxc5 24. dxc5 f5 25. Qxb4 Bc6 26. Bc3+ Kh7 27. Qd4 Rg8 28. Ra1 h5 29. Ra7+ Kh6 30. Qf6 Qxf6 31. Bxf6 f4 32. Bg5# 1-0